1345 1380 1679 1774 1751 1505 1335 1165 1194 1870 1075 1653 1543 1616 1823 1446 1909 1361 1543 1608 1981 1597 1862 1451 1486 1837 1163 1777 1015 1629 1306 1006 1902 1804 1503 1738 1524 1798 1097 1442 1569 1144 1768 1439 1313 1621 1143 1836 1996 1490 1050 1982 1563 1961 1028 1243 1682 1330 1308 1233 1837 1242 1482 1024 1718 1977 1743 1343 1737 1965 1706 1362 1595 1838 1462 1526 1925 1279 1847 1885 1819 1333 1818 1866 1979 1320 1038 1072 1375 1537 1982 1136 1832 1313 1719 1243 1058 1097 1252 BCNSPRNW ULIB Ver.6.0+V

เปลี่ยนเป็นภาษาไทย

Change to English
 แสดงรายละเอียดบรรณานุกรม
  กลับหน้าหลัก

Brief Record : Get Marc (ISO 2709) : E-mail record : QR code < ปิดหน้าต่าง
LEADER : 00000nam 2200000uu 4500
001    13399121908
003     ULIB
008    121213s2550||||th 000 0 tha d
020    ^a9789741107247
060 04 ^aWO100^bจ638พ 2550
100 0  ^aจุมพล วิลาศรัศมี
245 10 ^aพื้นฐานศัลยศาสตร์ /^cจุมพล วิลาศรัศมี ... [และคนอื่นๆ]
250    ^aพิมพ์ครั้งที่ 1
260    ^aกรุงเทพฯ :^bภาควิชาศัลยศาสตร์ คณะแพทยศาสตร์โรงพยาบาลรามาธิบดี มหาวิทยาลัยมหิดล,^c2550
300    ^aviii, 712 หน้า :^bภาพประกอบ ;^c30 ซม.
650  2 ^aCritical Care
650  2 ^aSurgery, Operative
650  7 ^aศัลยศาสตร์
650  7 ^aผู้ป่วยหนัก, การดูแล
710 2  ^aมหาวิทยาลัยมหิดล. ^bคณะแพทยศาสตร์โรงพยาบาลรามาธิบดี.^bภาควิชาศัลยศาสตร์
945    ^p800^l0^i14124
995    ^aทศพร
999    ^aทศพร เกษรทอง
รายการนี้ยังไม่มีแท็ก
คุณยังไม่ได้ล็อกอิน คุณสามารถมีกิจกรรมร่วมกับเว็บไซต์ได้ แต่ต้องล็อกอินก่อน ::
  ล็อกอิน

รายการสื่อสารสนเทศ

ลำดับที่ ประเภท เลขเรียก/บาร์โค้ด สถานที่ สถานะ
1. วิทยาศาสตร์การแพทย์ และสุขภาพ
วิทยาศาสตร์การแพทย์ และสุขภาพ
WO100 จ638พ 2550 ฉ.1 
  Barcode: 14124
ห้องสมุดวิทยาเขตสวรรค์ประชารักษ์
►ส่วนจัดเก็บหนังสือเก่า สปร
บนชั้น
  ขอยืม

รายการใกล้เคียง
    ผู้แต่ง [จุมพล วิลาศรัศมี]

    หัวเรื่อง [Critical Care]
    หัวเรื่อง [ศัลยศาสตร์]
    หัวเรื่อง [ผู้ป่วยหนัก, การดูแล]

BibComment


ยังไม่เคยถูกคอมเมนท์

คอมเมนท์ทรัพยากรรายการนี้
  คอมเมนท์: พื้นฐานศัลยศาสตร..


 Copyright 2026. Bcnsprnw @Library